|
|
|
|
| LEADER |
02043cam a2200505 i 4500 |
| 001 |
nkc20193077397 |
| 003 |
CZ PrNK |
| 005 |
20190328092115.0 |
| 007 |
ta |
| 008 |
190212s2019 xr a b 000 j cze d |
| 015 |
|
|
|a cnb003077397
|
| 020 |
|
|
|a 978-80-7553-602-0
|q (vázáno)
|
| 035 |
|
|
|a (OCoLC)1096286420
|
| 040 |
|
|
|a KLG001
|b cze
|d ABG001
|d BOA001
|e rda
|
| 072 |
|
7 |
|a 821.162.3-3
|x Česká próza
|2 Konspekt
|9 25
|
| 072 |
|
7 |
|a 821-93
|x Literatura pro děti a mládež (beletrie)
|2 Konspekt
|9 26
|
| 080 |
|
|
|a 821.162.3-32
|2 MRF
|
| 080 |
|
|
|a 821-93
|2 MRF
|
| 080 |
|
|
|a (0:82-32)
|2 MRF
|
| 100 |
1 |
|
|a Smolíková, Klára,
|d 1974-
|7 mzk2004221717
|4 aut
|
| 245 |
1 |
0 |
|a Knihožrouti :
|b tajný čtenářský spolek /
|c napsala Klára Smolíková ; ilustrovala Bára Buchalová
|
| 246 |
3 |
0 |
|a Tajný čtenářský spolek
|
| 264 |
|
1 |
|a V Praze :
|b Triton,
|c 2019
|
| 300 |
|
|
|a 69 stran :
|b barevné ilustrace ;
|c 19 cm
|
| 336 |
|
|
|a text
|b txt
|2 rdacontent
|
| 336 |
|
|
|a statický obraz
|b sti
|2 rdacontent
|
| 337 |
|
|
|a bez média
|b n
|2 rdamedia
|
| 338 |
|
|
|a svazek
|b nc
|2 rdacarrier
|
| 490 |
1 |
|
|a Laskavé čtení
|
| 500 |
|
|
|a Na hřbetu označení: 3
|
| 520 |
2 |
|
|a Aleš se Zorkou, kteří tráví v knihovně spoustu času, tentokrát objeví zcela novou knihovnu - knihobudku.
|b V knihobudce ale někdo řádil, rozházel a zničil knihy. A tak oba třeťáci vyhlásí ničitelům válku. Pomáhá jim paní knihovnice i skřítkové knihožrouti.
|
| 521 |
8 |
|
|a Pro děti do deseti let
|
| 655 |
|
7 |
|a české příběhy
|7 fd133973
|2 czenas
|
| 655 |
|
7 |
|a publikace pro děti
|7 fd133156
|2 czenas
|
| 655 |
|
9 |
|a Czech stories
|2 eczenas
|
| 655 |
|
9 |
|a children's literature
|2 eczenas
|
| 700 |
1 |
|
|a Buchalová, Bára,
|d 1975-
|7 xx0023985
|4 ill
|
| 787 |
0 |
8 |
|i Z cyklu:
|t Knihožrouti
|g 3
|
| 830 |
|
0 |
|a Laskavé čtení
|0 s
|
| 910 |
2 |
|
|a BOA001
|b 1-1424.423
|
| 920 |
|
|
|a 4462232
|z ABG001
|
| 990 |
|
|
|a BK
|
| 995 |
|
|
|a 01
|
| 991 |
|
|
|b 201903
|c NOV
|
| 996 |
6 |
|
|b 2610773827
|c 1-1424.423
|l MZK
|r Sklad / do 1 hodiny
|n 0
|p p.v.
|w 001712347
|u 000010
|a 1
|e BOA001
|j MZK50
|s P
|